Countries by Partial Flag Images: Extreme - Statistics

General Stats
  • This quiz has been taken 16 times
  • The average score is 5 of 20
Answer Stats
Picture Answer % Correct
Albania
70%
Kuwait
60%
Bahamas
40%
Eritrea
40%
Saudi Arabia
40%
Mozambique
30%
Myanmar
30%
Niger
30%
Qatar
30%
Haiti
20%
India
20%
Canada
10%
Central African Republic
10%
Djibouti
10%
Eswatini
10%
Marshall Islands
10%
Mauritius
10%
Nauru
10%
Guyana
0%
Namibia
0%
No matching quizzes found
Score Distribution
Percent of People with Each Score
Percentile by Number Answered
Your Score History
You have not taken this quiz